Представление документа в формате MARC21

Поле Инд. ПП Название Значение
Тип записи a
Библиографический уровень m
001 Контрольный номер ce6154ac-dd20-437b-a5e7-bd00b038f415
005 Дата корректировки 20140703152131.1
008 Кодируемые данные 061026
020 c Цена, тираж б/ц
040 a Служба первич. каталог. НБ ТвГУ
041 a Код языка текста rus
080 a Индекс УДК 1(470)(091)"18/19"(043.3)
084 a Индекс другой классификации/Индекс ББК Ю3(2)61-63я031
090 x Авторский знак С59
a Полочн. индекс Ю3(2)61
100 1_ a Автор Соколова Марина Геннадьевна
245 10 a Заглавие Христианская антропологическая традиция и проблема тела в русской религиозной философии конца XIX - начала XX веков
b Продолж. заглавия автореф. дис. ... канд. филос. наук : 09.00.03
c Ответственность Смол. гос. ун-т, Каф. философии
260 0_ a Место издания Тверь
c Дата издания 2006
300 a Объем 22 с.
500 a Примечание На правах рукоп.
504 a Библиография Библиогр. в конце кн. и в подстроч. примеч.
583 a Действие Получение впервые 11 31.01.2007
650 a Основная рубрика Религиозная философия русская
x Основная подрубрика История
y Хронологическая подрубрика 19-20 вв.
650 a Основная рубрика Философия
x Основная подрубрика История
z Географическая подрубрика Россия
650 a Основная рубрика Русская философия
653 a Ключевые слова Религиозная философия
a Ключевые слова История философии
a Ключевые слова Русская философия
a Ключевые слова Русская религиозная философия
a Ключевые слова Философия
a Ключевые слова Авторефераты
852 t Порядковый номер экземпляра 2
p Инвентарный номер б/н
888 a Бесплатные
930 a Новая/Ретро авторефераты
952 p 11.2007 б/ц 2 б/н
c Вид литературы А/Р н
954 a Дата поступления на обработку 20070202
999 a Подразделение 2 ч.з.